| 000 | 00627nam a2200205 a 4500 | ||
|---|---|---|---|
| 005 | 20230601063531.0 | ||
| 008 | 091021s2000 mx r 000 0 spa d | ||
| 020 | _a8421819178 | ||
| 035 | _aUPN01000173359 | ||
| 049 | _aCG | ||
| 050 | 4 |
_aPQ6703 A7.7 _bL5.2 |
|
| 100 | 1 |
_aCastaño Ballesteros, Isidoro _941924 |
|
| 245 | 1 | 3 |
_aEl libro, o, hay una vaca en casa / _cIsidoro Castaño Ballesteros. |
| 260 |
_aBarcelona, Esp. : _bMagisterio Casals, _c2000. |
||
| 300 | _a194 p. | ||
| 440 | 0 |
_aPunto juvenil. _pA partir de 14 años ; _v57 |
|
| 650 | 4 |
_aLibros _xHistoria _96939 |
|
| 740 | 0 | _aHay una vaca en casa | |
| 905 | _aLibro | ||
| 999 |
_c145463 _d145463 |
||